Histoire de France : Dates et Événements historiques | Click Quiz - Statistiques

Statistiques générales
  • Ce quiz a été pris 383 fois
  • Le résultat moyen est 10 sur 20
Statistiques - réponses
Hint Réponse % Correct
Libération de Paris 25 Août 1944
74%
Début de la Guerre de Cent Ans 1337
70%
Baptême de Clovis Vers 498
69%
Règne de Philippe le Bel 1285-1314
68%
Louis-Napoléon Bonaparte devient Empereur des Français sous le nom de Napoléon III 2 Décembre 1852
67%
Naissance de Molière 1622
57%
Fin de la Guerre de Cent Ans 1453
56%
Début de la Guerre Franco-prussienne 1870
55%
Sacre de François Ier Janvier 1515
52%
Naissance de la Reine Marie-Antoinette d'Autriche 1755
51%
Sacre d'Hugues Capet 3 Juillet 987
47%
Charles X abdique en faveur de son fils Louis-Ferdinand Juillet 1830
44%
Mariage de Louis XIV et de Marie-Thérèse d'Autriche Juin 1660
44%
Le Français devient langue officielle du Royaume 1539
43%
Règne de Louis VIII 1223-1226
42%
Ligue du Bien Public contre Louis XI 1465
39%
Bataille de Bouvines 27 Juillet 1214
39%
Naissance de Richelieu 1585
36%
Charles le Chauve est couronné Empereur d'Occident 25 Décembre 875
33%
Traité de Verdun 843
27%
Aucun quiz correspondant
Distribution des résultats
% des personnes avec chaque résultat
Percentile par nombre de réponses
Votre historique - résultats
Vous n’avez pas pris ce quiz